00833nam a2200193Ia 4500003000400000005001700004008004100021040002100062041000800083082002100091110003500112245007100147250002200218260004300240300006100283505022300344650004100567650003100608OSt20200726005537.0191128s1994 ck ad fr 000 0 spa d aCO-JMCRcCO-JMCR0 aspa04a339 /bC718r2231 aColombia.bMinisterio de Salud13aLa reforma de la seguridad social en salud / cMinisterio de salud aPrimera edición aBogota : bMinisterio de salud, c1994 a605 páginas : bgráficos a blanco y negro ; c24 cm.0 aConclusiones de la comisión transitoria creada por la constitución política de 1991 -- Propuesta de reforma disponibles al comenzar la preparación del proyecto de reforma al sistema de seguridad social en salud14aReforma seguridad social zColombia14aSeguridad socialzColombia